000 00442nab a2200145Ia 4500
003 ES-SlBCS
005 20210601133059.0
008 140529s1954 xxu||||| |||| 00| 0 ita d
041 _aita
100 1 _aMancini, Italo
_912793
245 0 0 _aProblema e teoria intorno al fondamento
_c Italo Mancini
650 0 4 _aFundamento
_9159075
773 0 _tRivista di Filosofia Neoscolastica
_gvol. 46, nº. 5, 1954, págs. 435-465
_wRev392
942 _cAR
999 _c590419
_d590419